00535nam a2200181 a 4500001001300000003000900013005001700022008004100039020002300080082001800103100002900121245006300150260005000213300000900263500003500272505002400307650002200331nice12345678IN_TiNIC20260116014706.0100806s2008 newa grp 000 0 eng  a9788130908007c59500a297.0956bDOU aDoumato, Eleanor Abdella aTeaching Islamb Textbooks and Religion in the Middle East aNew Delhi bViva Books Private Limited c2008 a267p aincludes index and biblioraphy2 aBibliography, Index aIslam-Middle East